An expenditure tax / (Record no. 3183)
[ view plain ]
| 000 -LEADER | |
|---|---|
| fixed length control field | 00733cam a22002531a 4500 |
| 001 - CONTROL NUMBER | |
| control field | 3183 |
| 003 - CONTROL NUMBER IDENTIFIER | |
| rucl marc code | BD-RjUL |
| 005 - DATE AND TIME OF LATEST TRANSACTION | |
| control field | 20211208233705.0 |
| 008 - FIXED-LENGTH DATA ELEMENTS--GENERAL INFORMATION | |
| fixed length control field | 131218r19591955enk b 001 0 eng |
| 035 ## - SYSTEM CONTROL NUMBER | |
| System control number | (BD-RjUL)3217 |
| System control number | (OCoLC)3932545 |
| 040 ## - CATALOGING SOURCE | |
| Original cataloging agency | DLC |
| Transcribing agency | CCC |
| Modifying agency | OCoLC |
| -- | Uk |
| -- | MoSU-L |
| -- | DLC |
| -- | BD-RjUL |
| Language of cataloging | eng |
| 041 ## - LANGUAGE CODE | |
| Language code of text/sound track or separate title | eng |
| 082 00 - DEWEY DECIMAL CLASSIFICATION NUMBER | |
| Classification number | 336.2 |
| Author mark and year | KAE 1959 |
| 100 1# - MAIN ENTRY--PERSONAL NAME | |
| Personal name | Kaldor, Nicholas, |
| Dates associated with a name | 1908-1986. |
| 9 (RLIN) | 10079 |
| 245 13 - TITLE STATEMENT | |
| Title | An expenditure tax / |
| Statement of responsibility, etc. | by Nicholas Kaldor. |
| 260 ## - PUBLICATION, DISTRIBUTION, ETC. (IMPRINT) | |
| Place of publication, distribution, etc. | London : |
| Name of publisher, distributor, etc. | Allen & Unwin, |
| Date of publication, distribution, etc. | 1955 [Impression 1959]. |
| 300 ## - PHYSICAL DESCRIPTION | |
| Pagination | 249 p. ; |
| Size | 23 cm. |
| 504 ## - BIBLIOGRAPHY, ETC. NOTE | |
| Bibliography, etc | Includes bibliographical references and index. |
| 650 #0 - SUBJECT ADDED ENTRY--TOPICAL TERM | |
| Topical term or geographic name as entry element | Taxation. |
| 9 (RLIN) | 10080 |
| 942 ## - ADDED ENTRY ELEMENTS (KOHA) | |
| Source of classification or shelving scheme | Dewey Decimal Classification |
| Koha item type | Books |
| Lost status | Source of classification or shelving scheme | Damaged status | Not for loan | Collection code | Permanent Location | Current Location | Shelving location | Date acquired | Source of acquisition | Cost, normal purchase price | Total Checkouts | Full call number | Date last seen | Copy number | Koha item type |
|---|---|---|---|---|---|---|---|---|---|---|---|---|---|---|---|
| Dewey Decimal Classification | Non-fiction | Central Library, University of Rajshahi | Central Library, University of Rajshahi | 28/11/1962 | Zeitlinger | 20.00 | 336.2 KAE 1959 | 18/12/2013 | C-5 | Books | |||||
| Dewey Decimal Classification | Non-fiction | Central Library, University of Rajshahi | Central Library, University of Rajshahi | 28/11/1962 | Zeitlinger | 20.00 | 336.2 KAE 1959 | 18/12/2013 | C-6 | Books | |||||
| Dewey Decimal Classification | Non-fiction | Central Library, University of Rajshahi | Central Library, University of Rajshahi | 09/11/1965 | Zeittinger | 15.00 | 336.2 KAE 1965 | 18/12/2013 | C-7 | Books | |||||
| Dewey Decimal Classification | Non-fiction | Central Library, University of Rajshahi | Central Library, University of Rajshahi | 09/11/1965 | Zeittinger | 15.00 | 336.2 KAE 1965 | 18/12/2013 | C-8 | Books | |||||
| Dewey Decimal Classification | Non-fiction | Central Library, University of Rajshahi | Central Library, University of Rajshahi | 17/10/1962 | Swets and Zeitlinger | 20.00 | 336.2 KAE 1959 | 25/02/2014 | C-3 | Books | |||||
| Dewey Decimal Classification | Non-fiction | Central Library, University of Rajshahi | Central Library, University of Rajshahi | 17/10/1962 | Swits & Zillinger | 20.00 | 336.2 KAE 1959 | 24/07/2016 | C-2 | Books | |||||
| Dewey Decimal Classification | Not For Loan | Non-fiction | Central Library, University of Rajshahi | Central Library, University of Rajshahi | Reading Room | 03/02/1961 | Mirza Book | 15.00 | 336.2 KAE 1959 | 21/01/2017 | C-1 | Books |